000 00436nam a2200181Ia 4500
001 4145
005 20260306145734.0
008 260306t2007||||xx |||||||||||||| ||spa||
041 _aESP
082 _a306.87
_bA188
100 _aAttié, Thalia
_eAUT
245 0 _aLo que los padres pueden aprender de los hijos
260 _c2007
300 _a93 páginas :
_c23 cm.
650 _aGEN
654 _aCED
942 _cLIB
_dJUS
_fJUS
_2ddc
_n
999 _c4145
_d4145